| 000 | 01557cam a22004097a 4500 | ||
|---|---|---|---|
| 003 | CHAP | ||
| 005 | 20220817043259.0 | ||
| 008 | 971013s1993 r 00010 d | ||
| 010 | _a70411 | ||
| 011 | _a71383 | ||
| 020 | _a9688842338 | ||
| 035 | _a80937 | ||
| 040 | _cCHAP | ||
| 082 |
_a338.9 _bG34 |
||
| 100 | 0 | 0 |
_aGarcía Zamora, Rodolfo. _946759 |
| 245 | 0 |
_aCrisis y modernización del agro en México _b: 1940-1990 _c/por Rodolfo García Zamora |
|
| 260 |
_aChapingo, Méx. : _bUACH. Dirección de Difusión Cultural, _c1993. |
||
| 300 | _a335 p. | ||
| 590 |
_aBATCH-UPD _b10 _c20130110 _lUCH01 _h0603 |
||
| 590 |
_aBATCH-UPD _b10 _c20130410 _lUCH01 _h0244 |
||
| 590 |
_aBATCH-UPD _b10 _c20130914 _lUCH01 _h0043 |
||
| 590 |
_aCONVERSION _b10 _c20130109 _lUCH01 _h1339 |
||
| 650 | 1 | 4 |
_aAgricultura _xAspectos economicos _zMexico. _91312 |
| 650 | 1 | 4 |
_aAgricultura _zMéxico. _91932 |
| 650 | 1 | 4 |
_aDesarrollo rural. _932067 |
| 650 | 1 | 4 |
_aPolítica agrícola _zMéxico. |
| 790 | _aPrograma de Inversiones Públicas para el Desarrollo Rural | ||
| 790 | _aPrograma Nacional de Alimentación | ||
| 790 | _aSistema Alimentario Mexicano | ||
| 901 | _aBK | ||
| 942 | _cLIBRO | ||
| 949 |
_a338.9 G34 _bBC _cLIBRO _d-33985 _eLIBRO _fc.4 _h86487 _i80937 _si |
||
| 949 |
_a338.9 G34 _bBC _cLIBRO _d33724000418208 _eLIBRO _fc.3 _h86486 _i80937 _si |
||
| 949 |
_a338.9 G34 _bBC _cLIBRO _d33724000418216 _eLIBRO _h86484 _i80937 _si |
||
| 949 |
_a338.9 G34 _bBC _cLIBRO _d33724000872347 _eLIBRO _fc.2 _h86485 _i80937 _si |
||
| 949 |
_a338.9 G34 _bBC _cUACH _d-33986 _eUACH _fc.5 _h86488 _i80937 _si |
||
| 999 |
_c70411 _d70411 |
||